[Event "28th European Club Cup Eilat"]
[Site "Eilat"]
[Date "2012.10.14"]
[Round "4"]
[White "Wojtaszek, Radoslaw"]
[Black "Roiz, Michael"]
[Result "1/2-1/2"]
[WhiteElo "2733"]
[BlackElo "2618"]
[PlyCount "169"]
[EventDate "2012.10.11"]
[EventRounds "7"]
[EventCountry "ISR"]

1. d4 e6 2. c4 d5 3. Nc3 Nf6 4. cxd5 Nxd5 5. e4 Nxc3 6. bxc3 c5 7. a3 cxd4 8.
cxd4 e5 9. Nf3 exd4 10. Qxd4 Qxd4 11. Nxd4 Bc5 12. Nb5 Na6 13. Bf4 O-O 14. Bd3
Be6 15. Ke2 Rfd8 16. Rhd1 Bb6 17. Rac1 Nc5 18. Nd6 Nxd3 19. Rxd3 Rd7 20. Be3
Bd8 21. Nb5 Rxd3 22. Kxd3 Bd7 23. Nxa7 Kf8 24. Ke2 b6 25. Nc6 Bxc6 26. Rxc6
Rxa3 27. Bxb6 Bxb6 28. Rxb6 Ra2+ 29. Kf3 Ra3+ 30. Kf4 Ra2 31. Kg3 h5 32. h4 g6
33. Rb3 Kg7 34. Kf3 Rc2 35. g3 Ra2 36. Ke3 Rc2 37. Rd3 Ra2 38. Rd2 Ra3+ 39. Kf4
Rb3 40. f3 Ra3 41. Rd5 Ra1 42. g4 hxg4 43. Kxg4 Rg1+ 44. Kf4 Rh1 45. Kg3 Kf6
46. Rd6+ Kg7 47. Rd2 Rg1+ 48. Rg2 Re1 49. Rh2 Ra1 50. h5 gxh5 51. Rxh5 Kg6 52.
Rb5 Ra3 53. Rb6+ f6 54. Kf4 Ra5 55. Rd6 Rb5 56. Ke3 Rb3+ 57. Rd3 Rb4 58. Rc3
Ra4 59. Rd3 Rb4 60. f4 Ra4 61. Kf3 Rb4 62. Ra3 Rc4 63. Ra6 Kf7 64. Ra7+ Kf8 65.
Rh7 Ra4 66. Rb7 Rc4 67. Rb6 Kf7 68. Rb7+ Kf8 69. f5 Rc1 70. Ke3 Rc4 71. Kd3 Ra4
72. Rc7 Ke8 73. Rc4 Ra6 74. Kd4 Kd7 75. Rb4 Rd6+ 76. Kc5 Rc6+ 77. Kd4 Rd6+ 78.
Ke3 Ke7 79. Rb7+ Ke8 80. Kf4 Rd1 81. Kg4 Rg1+ 82. Kf4 Re1 83. Rb6 Ke7 84. Rb7+
Ke8 85. Rc7 1/2-1/2

[Event "28th European Club Cup Eilat"]
[Site "Eilat"]
[Date "2012.10.14"]
[Round "4"]
[White "Meribanov, Vitaly"]
[Black "Bacrot, Etienne"]
[Result "1/2-1/2"]
[WhiteElo "2407"]
[BlackElo "2705"]
[PlyCount "59"]
[EventDate "2012.10.11"]
[EventRounds "7"]
[EventCountry "ISR"]

1. e4 e5 2. Nf3 Nc6 3. Bb5 Nf6 4. O-O Nxe4 5. d4 Nd6 6. Bxc6 dxc6 7. dxe5 Nf5
8. Qxd8+ Kxd8 9. Nc3 Bd7 10. h3 c5 11. Rd1 Ke8 12. Bf4 Rc8 13. g4 Ne7 14. Ng5
Ng6 15. Bg3 Be7 16. Nxf7 Rf8 17. e6 Bxe6 18. Ne5 Nf4 19. Bxf4 Rxf4 20. Re1 Bg8
21. Re2 Rf6 22. f4 Rxf4 23. Rae1 c4 24. Kg2 Rd4 25. Nf3 Rd7 26. Ne5 Rd6 27. Nf3
Rd7 28. Ne5 Rd6 29. Nf3 Rd7 30. Ne5 1/2-1/2

[Event "28th European Club Cup Eilat"]
[Site "Eilat"]
[Date "2012.10.14"]
[Round "4"]
[White "Naiditsch, Arkadij"]
[Black "Bulanov, Dmitri"]
[Result "1-0"]
[WhiteElo "2704"]
[BlackElo "2376"]
[PlyCount "83"]
[EventDate "2012.10.11"]
[EventRounds "7"]
[EventCountry "ISR"]

1. e4 c6 2. d4 d5 3. e5 c5 4. dxc5 Nc6 5. Nf3 Bg4 6. Nbd2 e6 7. h3 Bh5 8. Nb3
Bxf3 9. Qxf3 Nxe5 10. Bb5+ Nd7 11. c4 Ngf6 12. Bg5 Be7 13. Bxf6 Bxf6 14. cxd5
O-O 15. dxe6 Nxc5 16. exf7+ Kh8 17. O-O Nxb3 18. Qxb3 Qb6 19. Rae1 a6 20. Bc4
Qxb3 21. Bxb3 Bxb2 22. Re7 Ba3 23. Rxb7 Rab8 24. Rxb8 Rxb8 25. Re1 Rf8 26. f4
g6 27. Kf2 Kg7 28. g4 a5 29. Re8 Bc1 30. Kf3 a4 31. Bd5 a3 32. g5 Bd2 33. h4
Bc1 34. Kg4 Bd2 35. f5 gxf5+ 36. Kxf5 h6 37. Re2 Bb4 38. Re4 Bd2 39. g6 Bc3 40.
Bc6 Bd2 41. h5 Bc1 42. Be8 1-0

[Event "28th European Club Cup Eilat"]
[Site "Eilat"]
[Date "2012.10.14"]
[Round "4"]
[White "Galego, Luis"]
[Black "Giri, Anish"]
[Result "0-1"]
[WhiteElo "2485"]
[BlackElo "2730"]
[PlyCount "52"]
[EventDate "2012.10.11"]
[EventRounds "7"]
[EventCountry "ISR"]

1. e4 Nf6 2. Nc3 d5 3. exd5 Nxd5 4. Bc4 c6 5. Nf3 Bg4 6. h3 Bh5 7. d3 e6 8. Ne4
Nd7 9. Ng3 Bb4+ 10. Kf1 Bg6 11. Qe2 Be7 12. Bd2 a5 13. h4 h6 14. Bxd5 cxd5 15.
Bc3 O-O 16. a4 Rc8 17. h5 Bh7 18. Nd4 Bf6 19. Nb5 e5 20. Nd6 Rc6 21. Ndf5 d4
22. Be1 Kh8 23. Kg1 Re8 24. Kh2 Bg5 25. Bd2 Bxd2 26. Qxd2 Qf6 0-1

[Event "28th European Club Cup Eilat"]
[Site "Eilat"]
[Date "2012.10.14"]
[Round "4"]
[White "Riazantsev, Alexander"]
[Black "Stebbings, Anthony J"]
[Result "1-0"]
[WhiteElo "2712"]
[BlackElo "2256"]
[PlyCount "77"]
[EventDate "2012.10.11"]
[EventRounds "7"]
[EventCountry "ISR"]

1. d4 Nf6 2. c4 e6 3. Nf3 Bb4+ 4. Bd2 Qe7 5. g3 Nc6 6. Nc3 Bxc3 7. Bxc3 Ne4 8.
Rc1 O-O 9. Bg2 d6 10. O-O Nxc3 11. Rxc3 e5 12. d5 Nb8 13. b4 Nd7 14. Qc2 b6 15.
Nd2 f5 16. c5 bxc5 17. bxc5 Ba6 18. Nb3 f4 19. Re1 Qf6 20. e4 fxg3 21. hxg3 Bb5
22. Qd2 Qe7 23. cxd6 cxd6 24. Rc7 Rfc8 25. Rec1 Rxc7 26. Rxc7 a5 27. Bh3 Qd8
28. Rb7 a4 29. Rxb5 axb3 30. axb3 Nc5 31. Rxc5 dxc5 32. d6 Qa5 33. Qd5+ Kh8 34.
Kg2 Rd8 35. Qxe5 Qb6 36. d7 Qf6 37. Qe8+ Qf8 38. Qxf8+ Rxf8 39. e5 1-0

[Event "28th European Club Cup Eilat"]
[Site "Eilat"]
[Date "2012.10.15"]
[Round "5"]
[White "Vitiugov, Nikita"]
[Black "Bologan, Viktor"]
[Result "1-0"]
[WhiteElo "2691"]
[BlackElo "2695"]
[PlyCount "103"]
[EventDate "2012.10.11"]
[EventRounds "7"]
[EventCountry "ISR"]

1. d4 Nf6 2. c4 e6 3. Nc3 Bb4 4. Qc2 O-O 5. a3 Bxc3+ 6. Qxc3 b6 7. Bg5 Bb7 8.
e3 d6 9. Ne2 Nbd7 10. Qc2 c5 11. Rd1 Qe7 12. Nc3 cxd4 13. Rxd4 h6 14. Bh4 Rfd8
15. f3 d5 16. cxd5 exd5 17. Bf2 Nc5 18. Be2 Ne6 19. Rd2 a6 20. O-O b5 21. Rfd1
Rac8 22. Qb1 Nc5 23. Bf1 Nb3 24. Rc2 Na5 25. Ne2 Rxc2 26. Qxc2 Rc8 27. Qb1 Nc4
28. Nd4 Qe5 29. Rd3 Nd7 30. Rc3 Re8 31. Qc1 Nf8 32. b3 Nb6 33. Bg3 Qf6 34. Rc7
Ba8 35. Ra7 Rc8 36. Rc7 Re8 37. Ra7 Rc8 38. Qd2 Nbd7 39. Qa5 Rc1 40. Rxa8 Qg6
41. e4 dxe4 42. Qd2 Ra1 43. Nc2 Rxf1+ 44. Kxf1 Qc6 45. Rd8 exf3 46. gxf3 Qxf3+
47. Kg1 Qc6 48. Ne3 Qb6 49. Qxd7 Qxe3+ 50. Bf2 Qc1+ 51. Kg2 Qxa3 52. Qd6 1-0

[Event "28th European Club Cup Eilat"]
[Site "Eilat"]
[Date "2012.10.15"]
[Round "5"]
[White "Radjabov, Teimour"]
[Black "Wojtaszek, Radoslaw"]
[Result "1/2-1/2"]
[WhiteElo "2792"]
[BlackElo "2733"]
[PlyCount "64"]
[EventDate "2012.10.11"]
[EventRounds "7"]
[EventCountry "ISR"]

1. e4 c5 2. Nf3 d6 3. d4 cxd4 4. Qxd4 a6 5. Be2 Nc6 6. Qe3 Nf6 7. h3 e6 8. O-O
Be7 9. c4 O-O 10. Nc3 b6 11. Rd1 Qc7 12. b3 Bb7 13. Ba3 Rfe8 14. Rac1 Bf8 15.
b4 Nb8 16. Bb2 Nbd7 17. Bd3 Rab8 18. a3 Ba8 19. Re1 Qb7 20. Qg5 Rbc8 21. Nb1
Be7 22. Nbd2 Nf8 23. Qe3 Rc7 24. Rc2 Rec8 25. Rec1 N8d7 26. Qe2 Qa7 27. Bd4 Rd8
28. Be3 Rdc8 29. Bf4 Rd8 30. Be3 Rdc8 31. Bf4 Rd8 32. Be3 Rdc8 1/2-1/2

[Event "28th European Club Cup Eilat"]
[Site "Eilat"]
[Date "2012.10.15"]
[Round "5"]
[White "Navara, David"]
[Black "Mamedyarov, Shakhriyar"]
[Result "1/2-1/2"]
[WhiteElo "2722"]
[BlackElo "2748"]
[PlyCount "105"]
[EventDate "2012.10.11"]
[EventRounds "7"]
[EventCountry "ISR"]

1. e4 c6 2. c4 d5 3. exd5 cxd5 4. d4 Nf6 5. Nc3 Nc6 6. Bg5 Be6 7. a3 Qd7 8. Rc1
g6 9. Nf3 Bg7 10. c5 Ne4 11. Be3 O-O 12. Be2 Nxc5 13. dxc5 d4 14. Nxd4 Nxd4 15.
Bxd4 Bxd4 16. b4 Rfd8 17. O-O a5 18. Nb5 Be5 19. Qxd7 Bxd7 20. Nc3 axb4 21.
axb4 Ra3 22. Nd5 Be6 23. Nb6 Rd4 24. Bf3 Rxb4 25. Bxb7 Bd4 26. Bd5 Rxb6 27.
cxb6 Bxd5 28. Rc8+ Kg7 29. Rd8 Bxg2 30. Kxg2 Bxb6 31. Rd7 Bc5 32. Rfd1 Ra6 33.
R1d3 Re6 34. h3 Ra6 35. Rc3 Bd6 36. Re3 Kf6 37. Rf3+ Ke6 38. Rd8 Ra5 39. Rf8
Rg5+ 40. Kf1 f6 41. Re3+ Kd7 42. Rh8 Rh5 43. Kg2 Rh4 44. Re2 g5 45. f3 Be5 46.
Re4 Rh6 47. Rg8 Ke6 48. Rg7 Rh5 49. Re2 Rh4 50. Re4 Rh5 51. Re2 Rh4 52. Re4 Rh5
53. Re2 1/2-1/2

[Event "28th European Club Cup Eilat"]
[Site "Eilat"]
[Date "2012.10.15"]
[Round "5"]
[White "Topalov, Veselin"]
[Black "Laznicka, Viktor"]
[Result "1-0"]
[WhiteElo "2751"]
[BlackElo "2678"]
[PlyCount "87"]
[EventDate "2012.10.11"]
[EventRounds "7"]
[EventCountry "ISR"]

1. d4 d5 2. c4 c6 3. Nf3 Nf6 4. Nc3 a6 5. e3 b5 6. b3 Bg4 7. Be2 Nbd7 8. h3 Bh5
9. g4 Bg6 10. Ne5 Nxe5 11. dxe5 Ne4 12. Nxe4 Bxe4 13. f3 Bg6 14. cxd5 cxd5 15.
a4 b4 16. Bb2 e6 17. Rc1 Be7 18. Qd4 O-O 19. O-O a5 20. f4 Be4 21. Bd3 Bxd3 22.
Qxd3 Qd7 23. Rc2 Rfc8 24. Rfc1 Rxc2 25. Qxc2 g6 26. Bd4 Kf8 27. Kg2 Ke8 28. Kf3
Ra6 29. h4 Qb7 30. h5 Kd7 31. hxg6 hxg6 32. Rh1 Rc6 33. Qd3 Qa6 34. Qb5 Qxb5
35. axb5 Rc8 36. Rh7 Rf8 37. e4 dxe4+ 38. Kxe4 Kc7 39. f5 gxf5+ 40. gxf5 exf5+
41. Kxf5 Kd7 42. Ke4 Bg5 43. Kd5 Rd8 44. Bb6 1-0

[Event "28th European Club Cup Eilat"]
[Site "Eilat"]
[Date "2012.10.15"]
[Round "5"]
[White "Sasikiran, Krishnan"]
[Black "Grischuk, Alexander"]
[Result "1/2-1/2"]
[WhiteElo "2680"]
[BlackElo "2752"]
[PlyCount "66"]
[EventDate "2012.10.11"]
[EventRounds "7"]
[EventCountry "ISR"]

1. d4 Nf6 2. c4 g6 3. Nc3 d5 4. cxd5 Nxd5 5. e4 Nxc3 6. bxc3 Bg7 7. Nf3 c5 8.
Bb5+ Nc6 9. d5 Qa5 10. Rb1 Bxc3+ 11. Bd2 a6 12. Bxc6+ bxc6 13. dxc6 Be6 14. Rc1
Bxd2+ 15. Qxd2 Qb4 16. O-O Qxd2 17. Nxd2 O-O-O 18. Nb3 Bxb3 19. axb3 Rd3 20.
Rxc5 Rxb3 21. Ra5 Rb6 22. Rfa1 Rd8 23. h3 Rxc6 24. Rxa6 Rxa6 25. Rxa6 Kd7 26.
Kf1 Ke8 27. Ke2 Rb8 28. Ra7 Kf8 29. Rd7 Rb2+ 30. Ke3 Rb3+ 31. Ke2 Rb2+ 32. Ke3
Rb3+ 33. Ke2 Rb2+ 1/2-1/2

[Event "28th European Club Cup Eilat"]
[Site "Eilat"]
[Date "2012.10.15"]
[Round "5"]
[White "Kamsky, Gata"]
[Black "Bartel, Mateusz"]
[Result "1-0"]
[WhiteElo "2755"]
[BlackElo "2635"]
[PlyCount "53"]
[EventDate "2012.10.11"]
[EventRounds "7"]
[EventCountry "ISR"]

1. d4 f5 2. g3 Nf6 3. Bg2 g6 4. c3 Bg7 5. h4 Nc6 6. Nh3 d5 7. Nf4 Ne4 8. h5 g5
9. h6 Bf8 10. Nd3 Qd6 11. Na3 a6 12. e3 Be6 13. Qc2 b5 14. Nb1 Bd7 15. a4 bxa4
16. Nd2 e5 17. g4 Qf6 18. gxf5 Nxd2 19. dxe5 Qxf5 20. Qxd2 Na5 21. Qd1 O-O-O
22. Rxa4 Bxa4 23. Qxa4 Qxd3 24. Qxa5 Rg8 25. Bf1 Qe4 26. Qxa6+ Kd7 27. Bb5+ 1-0

[Event "28th European Club Cup Eilat"]
[Site "Eilat"]
[Date "2012.10.15"]
[Round "5"]
[White "Van Wely, Loek"]
[Black "Nepomniachtchi, Ian"]
[Result "1/2-1/2"]
[WhiteElo "2688"]
[BlackElo "2704"]
[PlyCount "82"]
[EventDate "2012.10.11"]
[EventRounds "7"]
[EventCountry "ISR"]

1. Nf3 f5 2. d4 Nf6 3. g3 g6 4. Bg2 Bg7 5. b4 Nc6 6. c3 d6 7. a4 O-O 8. O-O Qe8
9. Ba3 h6 10. Nbd2 g5 11. e3 Rf7 12. Nc4 Be6 13. Qe2 Bd5 14. Ncd2 e5 15. c4
Bxf3 16. Qxf3 f4 17. gxf4 g4 18. Qg3 exd4 19. Rae1 Ne7 20. Ne4 Qxa4 21. Nxf6+
Rxf6 22. exd4 Nf5 23. Qd3 Qd7 24. Bxb7 Raf8 25. b5 Nh4 26. Bc1 Ng6 27. Bc6 Qd8
28. Re4 Nxf4 29. Bxf4 Rxf4 30. Rxf4 Rxf4 31. Re1 Rf8 32. Qg6 Qf6 33. Qxf6 Bxf6
34. Re8 Bxd4 35. Kg2 h5 36. Rxf8+ Kxf8 37. f3 gxf3+ 38. Kxf3 Kg7 39. Ke4 Bg1
40. h3 Kf6 41. Bd5 Bb6 1/2-1/2

[Event "28th European Club Cup Eilat"]
[Site "Eilat"]
[Date "2012.10.15"]
[Round "5"]
[White "Landa, Konstantin"]
[Black "Morozevich, Alexander"]
[Result "0-1"]
[WhiteElo "2641"]
[BlackElo "2758"]
[PlyCount "102"]
[EventDate "2012.10.11"]
[EventRounds "7"]
[EventCountry "ISR"]

1. Nf3 d5 2. d4 Bf5 3. c4 e6 4. Nc3 Nf6 5. Bg5 c6 6. Qb3 Qb6 7. c5 Qc7 8. Nh4
Bg6 9. e3 Nbd7 10. Bf4 Qc8 11. Be2 Be7 12. O-O Bd8 13. Qd1 O-O 14. Bd6 Re8 15.
Nxg6 hxg6 16. f4 Ba5 17. Bd3 b6 18. Qa4 Bxc3 19. bxc3 b5 20. Qc2 Ng4 21. Qe2
Nh6 22. a4 a6 23. g4 f5 24. gxf5 exf5 25. Rf3 Nf6 26. Rg3 Kf7 27. Qg2 Qe6 28.
Qa2 Rad8 29. axb5 axb5 30. Qa6 Qd7 31. Qa7 Ne4 32. Bxe4 fxe4 33. Kf2 Nf5 34.
Rgg1 Rh8 35. Rg2 Rh3 36. Qb6 Rf3+ 37. Ke1 Rxe3+ 38. Re2 Rxe2+ 39. Kxe2 Kg8 40.
Ra7 Qe8 41. Qb7 g5 42. fxg5 Qh5+ 43. Ke1 Qxg5 44. Qf7+ Kh7 45. Be5 Qc1+ 46. Kf2
Qd2+ 47. Kg1 Qd1+ 48. Kg2 Rf8 49. Qxf8 Ne3+ 50. Kf2 Qd2+ 51. Kg3 Qg2+ 0-1

[Event "28th European Club Cup Eilat"]
[Site "Eilat"]
[Date "2012.10.15"]
[Round "5"]
[White "Tomashevsky, Evgeny"]
[Black "Franco Alonso, Alejandro"]
[Result "1-0"]
[WhiteElo "2720"]
[BlackElo "2479"]
[PlyCount "153"]
[EventDate "2012.10.11"]
[EventRounds "7"]
[EventCountry "ISR"]

1. d4 d5 2. c4 e6 3. Nc3 Be7 4. cxd5 exd5 5. Bf4 c6 6. Qc2 Na6 7. e3 Nb4 8. Qd2
Bf5 9. Rc1 a5 10. a3 Na6 11. Nge2 Nf6 12. Ng3 Bg6 13. Bd3 Nc7 14. Be5 Ne6 15.
Nf5 O-O 16. O-O Nd7 17. Bg3 Nb6 18. Rfe1 Re8 19. Nxe7+ Rxe7 20. Bf1 a4 21. Qd1
Nc7 22. f3 Rd7 23. Bf2 Ne6 24. Ra1 Qb8 25. b3 Qa7 26. bxa4 Nxa4 27. Qb3 Nxc3
28. Qxc3 Qa4 29. Rec1 h6 30. Qb2 Qa5 31. Be1 Qd8 32. Rc3 Ra4 33. Rb3 Qa8 34.
Rc1 Qa7 35. Bb4 Kh7 36. Qf2 Qa8 37. Qb2 Qa7 38. Be1 Kg8 39. Rcc3 Kh7 40. Rb4
Qa8 41. Qb3 Rxb4 42. Qxb4 Kg8 43. a4 Qf8 44. Qxf8+ Kxf8 45. a5 Nc7 46. Rb3 Nb5
47. Bxb5 cxb5 48. Rxb5 Bd3 49. Rc5 g5 50. Rc8+ Kg7 51. Bb4 h5 52. Kf2 Bg6 53.
Bf8+ Kf6 54. h3 Bf5 55. g4 hxg4 56. hxg4 Be6 57. Kg3 Kg6 58. Re8 Rc7 59. Bc5
Kf6 60. f4 gxf4+ 61. exf4 Rc8 62. Be7+ Kg7 63. Rxc8 Bxc8 64. f5 f6 65. Kf4 Kf7
66. Bxf6 Kxf6 67. g5+ Kf7 68. Ke5 Bd7 69. f6 Bg4 70. Kxd5 Bf3+ 71. Ke5 Be2 72.
g6+ Kxg6 73. Ke6 Bc4+ 74. d5 Bb3 75. f7 Bxd5+ 76. Kxd5 Kxf7 77. Kd6 1-0

[Event "28th European Club Cup Eilat"]
[Site "Eilat"]
[Date "2012.10.15"]
[Round "5"]
[White "Gonzalez De La Torre, Santiago"]
[Black "Moiseenko, Alexander"]
[Result "0-1"]
[WhiteElo "2442"]
[BlackElo "2700"]
[PlyCount "104"]
[EventDate "2012.10.11"]
[EventRounds "7"]
[EventCountry "ISR"]

1. e4 c5 2. Nf3 Nc6 3. Nc3 Nf6 4. d4 cxd4 5. Nxd4 e5 6. Ndb5 d6 7. Bg5 a6 8.
Na3 b5 9. Nd5 Be7 10. Bxf6 Bxf6 11. c4 b4 12. Nc2 O-O 13. g3 Bg5 14. h4 Bh6 15.
Bh3 Be6 16. Kf1 a5 17. Kg2 Ra7 18. Qe2 Qb8 19. Rhd1 Qc8 20. Bxe6 fxe6 21. Nde3
Bxe3 22. Qxe3 Raf7 23. Rd2 Nb8 24. b3 Nd7 25. Rad1 Nc5 26. Ne1 h6 27. h5 Qe8
28. f3 Nb7 29. Kf1 Rf6 30. Rh2 Qc6 31. Rdd2 Nd8 32. Rhf2 Nf7 33. f4 exf4 34.
gxf4 e5 35. f5 Ng5 36. Rde2 Qe8 37. Rh2 Ne6 38. Nd3 Qa8 39. Ref2 Ng5 40. Rh4
R6f7 41. Nb2 Qc6 42. Ke1 Kh8 43. Rg4 Qe8 44. Kd2 Rc7 45. Rh2 Qd8 46. Na4 Rc6
47. Kc2 d5 48. exd5 Qxd5 49. Rxg5 hxg5 50. h6 Rxf5 51. hxg7+ Kxg7 52. Qh3 Qe4+
0-1

[Event "28th European Club Cup Eilat"]
[Site "Eilat"]
[Date "2012.10.15"]
[Round "5"]
[White "Boruchovsky, Avital"]
[Black "Eljanov, Pavel"]
[Result "1-0"]
[WhiteElo "2435"]
[BlackElo "2681"]
[PlyCount "87"]
[EventDate "2012.10.11"]
[EventRounds "7"]
[EventCountry "ISR"]

1. e4 c6 2. d4 d5 3. Nd2 h6 4. exd5 cxd5 5. Bd3 Nc6 6. Ngf3 g6 7. O-O Bg7 8. c3
Nf6 9. Re1 O-O 10. h3 e6 11. Nf1 b6 12. Ng3 Ne7 13. Bf4 Ne8 14. Qc1 g5 15. Bd2
f6 16. h4 Nd6 17. Nh5 Ne4 18. Rxe4 dxe4 19. Bxe4 Rb8 20. Nxg7 Kxg7 21. hxg5
hxg5 22. Bxg5 Ng8 23. Bf4 Bb7 24. Bxb8 Bxe4 25. Bg3 Bxf3 26. gxf3 Ne7 27. Qe3
Qd5 28. Qe4 Nf5 29. Re1 Kf7 30. a3 b5 31. Kg2 Rh8 32. a4 bxa4 33. Qxd5 exd5 34.
Ra1 Nxg3 35. fxg3 Rb8 36. Ra2 Ke6 37. f4 Rb6 38. Kf3 Ra6 39. Ra3 Kf5 40. g4+
Kg6 41. f5+ Kg7 42. Kf4 Kh6 43. b3 axb3 44. Rxa6 1-0

[Event "28th European Club Cup Eilat"]
[Site "Eilat"]
[Date "2012.10.15"]
[Round "5"]
[White "Adams, Michael"]
[Black "Jakovenko, Dmitry"]
[Result "1/2-1/2"]
[WhiteElo "2720"]
[BlackElo "2732"]
[PlyCount "68"]
[EventDate "2012.10.11"]
[EventRounds "7"]
[EventCountry "ISR"]

1. e4 e5 2. Nf3 Nc6 3. Bb5 Nf6 4. d3 Bc5 5. Bxc6 dxc6 6. Nbd2 O-O 7. O-O Re8 8.
Nc4 Nd7 9. Be3 Bf8 10. a4 c5 11. Qe1 b6 12. Kh1 Ba6 13. b3 Bd6 14. Nfd2 Nf8 15.
Nxd6 cxd6 16. c4 Ne6 17. f4 exf4 18. Bxf4 Nxf4 19. Rxf4 Bc8 20. Qg3 Be6 21.
Raf1 a6 22. Nf3 Ra7 23. Ng5 h6 24. Nxe6 Rxe6 25. h3 Rae7 26. Rf5 Re5 27. Kh2
Qd7 28. Qh4 Rxf5 29. Rxf5 Re5 30. Rf2 Re8 31. Qg3 Re5 32. Qh4 Re8 33. Qg3 Re5
34. Qh4 Re8 1/2-1/2

[Event "28th European Club Cup Eilat"]
[Site "Eilat"]
[Date "2012.10.15"]
[Round "5"]
[White "Shirov, Alexei"]
[Black "Naiditsch, Arkadij"]
[Result "0-1"]
[WhiteElo "2718"]
[BlackElo "2704"]
[PlyCount "62"]
[EventDate "2012.10.11"]
[EventRounds "7"]
[EventCountry "ISR"]

1. d4 Nf6 2. c4 e6 3. Nc3 Bb4 4. e3 O-O 5. Nf3 c5 6. Bd3 d5 7. O-O dxc4 8. Bxc4
cxd4 9. exd4 b6 10. Bg5 Bb7 11. Ne5 Bxc3 12. bxc3 Nbd7 13. Nxd7 Qxd7 14. Bxf6
gxf6 15. Be2 Kh8 16. Bf3 Rac8 17. Rc1 Rc4 18. Re1 Rfc8 19. Bxb7 Qxb7 20. Qd2
Qd5 21. Re3 Rg8 22. Rg3 Rg6 23. f4 Rxg3 24. hxg3 Ra4 25. Rc2 b5 26. g4 Kg7 27.
Qf2 Rc4 28. f5 e5 29. dxe5 Qxe5 30. Re2 Qxc3 31. Qxa7 Qc1+ 0-1

[Event "28th European Club Cup Eilat"]
[Site "Eilat"]
[Date "2012.10.15"]
[Round "5"]
[White "Kasimdzhanov, Rustam"]
[Black "Malakhov, Vladimir"]
[Result "1/2-1/2"]
[WhiteElo "2690"]
[BlackElo "2713"]
[PlyCount "81"]
[EventDate "2012.10.11"]
[EventRounds "7"]
[EventCountry "ISR"]

1. e4 e5 2. Nf3 Nc6 3. Bb5 Nf6 4. O-O Nxe4 5. Re1 Nd6 6. Nxe5 Be7 7. Bf1 O-O 8.
d4 Nf5 9. Nf3 d5 10. g3 h6 11. Bg2 Be6 12. c3 Bd6 13. Nbd2 Qf6 14. Qb3 Rab8 15.
Nf1 b5 16. Qc2 b4 17. Bd2 bxc3 18. bxc3 Rb6 19. Rad1 Rfb8 20. Bc1 Kh8 21. Qe2
Nce7 22. N1d2 Bd7 23. Ne5 Ba4 24. Nb3 Bxe5 25. dxe5 Qg6 26. Bf4 Bb5 27. Qd2 Bc4
28. e6 Bxb3 29. axb3 Rxe6 30. b4 Nd6 31. Qd4 Rb6 32. Bxd6 Rxe1+ 33. Rxe1 Qxd6
34. Qe3 Qe6 35. Qxe6 fxe6 36. Bh3 Nf5 37. Bxf5 exf5 38. Re5 d4 39. cxd4 Rxb4
40. Rxf5 Rxd4 41. Ra5 1/2-1/2

[Event "28th European Club Cup Eilat"]
[Site "Eilat"]
[Date "2012.10.15"]
[Round "5"]
[White "Korobov, Anton"]
[Black "Nielsen, Peter Heine"]
[Result "1-0"]
[WhiteElo "2705"]
[BlackElo "2662"]
[PlyCount "63"]
[EventDate "2012.10.11"]
[EventRounds "7"]
[EventCountry "ISR"]

1. d4 Nf6 2. c4 e6 3. Nc3 Bb4 4. e3 O-O 5. Bd3 d5 6. a3 Bxc3+ 7. bxc3 dxc4 8.
Bxc4 c5 9. Nf3 Qc7 10. Ba2 b6 11. O-O Bb7 12. Re1 Nbd7 13. Bb2 b5 14. c4 bxc4
15. Bxc4 Rab8 16. Qe2 Nb6 17. dxc5 Bxf3 18. Qxf3 Qxc5 19. Bf1 e5 20. Rec1 Qe7
21. Qf5 Rfe8 22. Bb5 g6 23. Qg5 Nfd7 24. Qxe7 Rxe7 25. a4 a6 26. Bc6 Nf6 27.
Ba3 Re6 28. Rab1 Nbd7 29. Rxb8+ Nxb8 30. Bb7 Nbd7 31. a5 e4 32. Bb2 1-0

[Event "28th European Club Cup Eilat"]
[Site "Eilat"]
[Date "2012.10.15"]
[Round "5"]
[White "Giri, Anish"]
[Black "Popilski, Gil"]
[Result "1/2-1/2"]
[WhiteElo "2730"]
[BlackElo "2475"]
[PlyCount "92"]
[EventDate "2012.10.11"]
[EventRounds "7"]
[EventCountry "ISR"]

1. e4 c5 2. Nf3 d6 3. d4 Nf6 4. Nc3 cxd4 5. Nxd4 a6 6. Bg5 e6 7. f4 h6 8. Bh4
Qb6 9. Qd2 Qxb2 10. Rb1 Qa3 11. e5 dxe5 12. fxe5 Nd5 13. Nxd5 exd5 14. e6 Bxe6
15. Nxe6 fxe6 16. Bd3 Be7 17. Bg6+ Kd8 18. Bxe7+ Qxe7 19. O-O Nd7 20. Rf7 Qc5+
21. Kh1 Rf8 22. Rxg7 Rf6 23. Rg8+ Rf8 24. Rxf8+ Qxf8 25. c4 Qg7 26. Bc2 Qg5 27.
Qe2 Qe5 28. Qxe5 Nxe5 29. cxd5 Rc8 30. Bb3 Nd3 31. dxe6 Rc1+ 32. Rxc1 Nxc1 33.
Bd5 b5 34. g3 a5 35. Kg2 Ke7 36. Kf3 b4 37. Ke3 a4 38. Kd2 Nxa2 39. Bxa2 b3 40.
Bxb3 axb3 41. Kc3 Kxe6 42. g4 Ke5 43. h4 Kf4 44. g5 hxg5 45. hxg5 b2 46. Kxb2
Kxg5 1/2-1/2

[Event "28th European Club Cup Eilat"]
[Site "Eilat"]
[Date "2012.10.15"]
[Round "5"]
[White "Baron, Tal"]
[Black "Riazantsev, Alexander"]
[Result "1-0"]
[WhiteElo "2454"]
[BlackElo "2712"]
[PlyCount "81"]
[EventDate "2012.10.11"]
[EventRounds "7"]
[EventCountry "ISR"]

1. d4 Nf6 2. c4 e6 3. Nc3 Bb4 4. Bg5 c5 5. d5 d6 6. e3 exd5 7. cxd5 Nbd7 8. Bd3
Qa5 9. Nge2 Nxd5 10. O-O Bxc3 11. bxc3 N5f6 12. c4 h6 13. Bh4 O-O 14. Rc1 Qc7
15. Nc3 a6 16. Qd2 Re8 17. Rfd1 d5 18. cxd5 b5 19. Bf5 Bb7 20. e4 b4 21. Bxf6
Nxf6 22. Na4 g6 23. Qxh6 c4 24. Bxg6 fxg6 25. Qxg6+ Qg7 26. Qxg7+ Kxg7 27. Rxc4
Rab8 28. Rc7+ Kg6 29. f3 Rec8 30. Rdc1 Rxc7 31. Rxc7 Nxd5 32. exd5 Bxd5 33. Rc2
Rb5 34. Nc5 a5 35. Nd3 Kf6 36. Kf2 a4 37. Ke3 Be6 38. Kd2 a3 39. g4 Rb6 40. Nc5
Bd5 41. Nd7+ 1-0

[Event "28th European Club Cup Eilat"]
[Site "Eilat"]
[Date "2012.10.16"]
[Round "6"]
[White "Svidler, Peter"]
[Black "Radjabov, Teimour"]
[Result "1/2-1/2"]
[WhiteElo "2747"]
[BlackElo "2792"]
[PlyCount "57"]
[EventDate "2012.10.11"]
[EventRounds "7"]
[EventCountry "ISR"]

1. d4 Nf6 2. Nf3 g6 3. g3 Bg7 4. Bg2 c5 5. O-O cxd4 6. Nxd4 d5 7. c4 O-O 8.
cxd5 Nxd5 9. Nb5 Be6 10. Nd4 Bc8 11. Nc3 Nxc3 12. bxc3 Nc6 13. Nxc6 bxc6 14.
Ba3 Bg4 15. Bxc6 Rc8 16. Qxd8 Rfxd8 17. Bxe7 Bxe2 18. Bxd8 Bxf1 19. Kxf1 Rxd8
20. Re1 Bxc3 21. Re8+ Rxe8 22. Bxe8 Bd4 23. Ba4 Kf8 24. Bb3 Bb6 25. Bc4 Bc5 26.
Bb3 Bb6 27. Bc4 Bc5 28. Bb3 Bb6 29. Bc4 1/2-1/2

[Event "28th European Club Cup Eilat"]
[Site "Eilat"]
[Date "2012.10.16"]
[Round "6"]
[White "Mamedyarov, Shakhriyar"]
[Black "Dominguez Perez, Leinier"]
[Result "1/2-1/2"]
[WhiteElo "2748"]
[BlackElo "2734"]
[PlyCount "107"]
[EventDate "2012.10.11"]
[EventRounds "7"]
[EventCountry "ISR"]

1. d4 d5 2. c4 c6 3. Nc3 Nf6 4. e3 a6 5. Nf3 b5 6. b3 Bg4 7. Be2 Nbd7 8. h3 Bh5
9. g4 Bg6 10. Ne5 Nxe5 11. dxe5 Nd7 12. cxd5 e6 13. dxe6 fxe6 14. Bb2 Qh4 15.
Bd3 Nxe5 16. Bxg6+ hxg6 17. Ne4 Rd8 18. Bxe5 Rxd1+ 19. Rxd1 Bb4+ 20. Ke2 O-O
21. Rd7 Rf7 22. Bg3 Qh6 23. Rd8+ Rf8 24. Rd4 c5 25. Rd7 Rf7 26. Rd8+ Rf8 27.
Rd7 Rf7 28. Rd6 g5 29. Rxa6 c4 30. f3 Rd7 31. bxc4 bxc4 32. h4 gxh4 33. Ra8+
Kf7 34. Rxh4 Qg6 35. Rh5 Rd2+ 36. Kf1 Rd5 37. Ra7+ Kg8 38. Be5 c3 39. Bxg7 Rxh5
40. gxh5 Qxg7 41. Rxg7+ Kxg7 42. Nf2 c2 43. Nd3 Ba3 44. Ke2 c1=Q 45. Nxc1 Bxc1
46. Kd3 Ba3 47. Ke4 Bc5 48. Kf4 Kh6 49. e4 Bd6+ 50. Kg4 e5 51. a4 Bc7 52. a5
Bxa5 53. f4 exf4 54. Kxf4 1/2-1/2